000 00257nam a22001217a 4500
008 170302b xxu||||| |||| 00| 0 eng d
041 _aeng
080 _a575
100 _a6
101 _aSHM
245 _aHUMAN DEVELOPMENT
_cZANDEN, J.W.V
942 _2udc
_cBK
999 _c6580
_d6580